000 01118nam a22003617a 4500
003 CHAP
005 20220817044508.0
008 111103s2008 it r 00010 eng d
010 _a102495
011 _a103467
020 _a9789251059388
035 _a114156
040 _cCHAP
082 0 4 _a639.2
_bF46y v.860
110 2 _aFAO
245 1 0 _aReport of the workshop on data and knowledge in deep - sea fisheries in the high seas
_c/por FAO
260 _aRoma :
_bFAO,
_c2008
300 _avi, 15 p.
490 0 _aFAO. Informe de pesca
_v; 860
500 _aRome, 5-7 november 2007
590 _aBATCH-UPD
_b10
_c20130110
_lUCH01
_h1046
590 _aBATCH-UPD
_b10
_c20130410
_lUCH01
_h0644
590 _aBATCH-UPD
_b10
_c20130914
_lUCH01
_h1142
590 _aCONVERSION
_b10
_c20130109
_lUCH01
_h1356
650 1 4 _aDeportes.
_931849
650 1 4 _aDocumentación.
_933172
650 1 4 _aPesca.
650 1 4 _aPesquería.
_987496
830 0 _aFAO. Informe de pesca
_v; 860
_939587
901 _aBK
942 _cLIBRO
949 _a639.2 F46y v.860
_bBC
_cFAO
_d33724002079959
_eFAO1
_gDonaciØn
_h116040
_i114156
_sb
999 _c102495
_d102495